000 005670000a22001930004500
003 LK-CoMWRAF
005 20231027124304.0
008 230817t2000 ||||| |||| 00| 0 eng d
040 _aLK-CoMWRAF
_dLK-CoMWRAF
_eLK-CoMWRAF
041 _aeng
082 _a370.115
_bSAI
100 _aSaigol, Rubina
245 _aSymbolic Violence:
_bCurriculum, Pedagogy and Society
260 _aLahore:
_bSane Publication,
_c2000
300 _a263 p. ; 22 cm.
_bBibliography included
650 _aCRIRICAL PEDAGOGY-Pakistan
650 _aPopular education--Pakistan.
942 _cBK
999 _c172
_d172